000 00694cam a22002291 4500
001 7518766
003 PILC
005 20160104113635.0
008 820803s1961 bl 000 0 por
010 _a 64043989
035 _a(OCoLC)16761875
040 _aDLC
_cOrPS
_dDLC
042 _apremarc
050 0 0 _aPC 5315
_b.Si617 2007
245 1 0 _aSinônimos :
_bsinônimos, antônimos, parônimos, gentilicios /
260 _aBarcelona :
_bLlibreria Universitaria,
_c2007.
300 _a639 pages ;
_c19 cm.
650 0 _aPortuguese language
_xParonyms.
650 0 _aPortuguese language
_xSynonyms and antonyms.
906 _a7
_bcbc
_coclcrpl
_du
_encip
_f19
_gy-gencatlg
942 _2lcc
_cBK
999 _c289027
_d289027